000 00726nam a2200253Ia 4500
003 OSt
005 20221005035557.0
006 a|||||r|||| 00| 0
007 ta
008 221004b |||||||| |||| 00| 0 urd d
020 _a9789380919843 (hbk)
_c150
024 _a24034
037 _b4625, 31/12/2015, Kitabi Duniya
_cTextual
040 _aCRL
_cCRL
_burd
041 _2urd
_aurd
082 _aO168,1NANx, Q3
100 _aNasir, Abdul
_9588408
245 0 _aNaghma-e-Atfal
260 _aDelhi
_bKitabi Duniya India
_c2013
300 _a112p.
_ccm.
650 _aURDU POETRY
942 _hO168,1NANx, Q3
_cTEXL
_2cc
999 _c945405
_d945405